000 00999cad a22002175a 4500
001 L155323
008 120320s2012 xxk 000 0 eng d
035 _a(Sirsi) u155323
041 0 _aeng
110 2 _aKnight Frank
_91530
245 0 0 _aHong Kong monthly
_breview and commentary on Hong Kong's property market - March 2012
260 _aHong Kong
_bKnight Frank
_c2012
490 0 _aKnight Frank Hong Kong Monthly
_vMarch 2012
520 _aProvides an overview of the performance of Hong Kong's property markets in the last month, covering the prime office, retail, and luxury residential sectors. Includes the latest economic indicators and highlights key transactions.
590 _aKA
651 4 _aHong Kong
690 _aCommercial property
_96227
690 _aResidential property
_96266
856 4 0 _uhttps://my.knightfrank.com/research/?regionid=5
_zView the report (click on Asia Pacific and Commercial in the refine box, then click on title) at my.knightfrank.com
942 _n0
999 _c83853
_d83853